000 00640nam a2200181Ia 4500
008 100917s9999 xx 000 0 und d
082 _b59294
100 _aदेवल गोविंद बल्लाळ
245 _aसंशय कल्लोळ (आवृत्ती 2 री)
260 _bकॉन्टिनेंटल प्रकाशन
_c1975
300 _a120
365 _b5
520 _aनाटक
630 _aसंशय कल्लोळ (आवृत्ती 2 री)
650 _aनाटक
730 _aसंशय कल्लोळ (आवृत्ती 2 री)
942 _cBOOK
999 _c664688
_d664685